Port operation and administration (Record no. 543073)

000 -LEADER
fixed length control field 00359nam a22001337a 4500
082 ## - DEWEY DECIMAL CLASSIFICATION NUMBER
Classification number 387.1
Author Mark BOW
-- L-18,P4
100 ## - MAIN ENTRY--PERSONAL NAME
Personal name Bown,A.H.J.
9 (RLIN) 19657
245 ## - TITLE STATEMENT
Title Port operation and administration
Statement of responsibility, etc. Bown.A.H.J
260 ## - PUBLICATION, DISTRIBUTION, ETC.
Place of publication, distribution, etc. London:
Name of publisher, distributor, etc. Chapman.
Date of publication, distribution, etc. 1950
300 ## - PHYSICAL DESCRIPTION
Extent 300 p.
Other physical details ill: .
526 ## - STUDY PROGRAM INFORMATION NOTE
Program name 0
Interest level 0
Reading level 0
Title point value 387_100000000000000_BOW
650 ## - SUBJECT ADDED ENTRY--TOPICAL TERM
Topical term or geographic name entry element MCE
9 (RLIN) 379
942 ## - ADDED ENTRY ELEMENTS (KOHA)
Source of classification or shelving scheme
Koha item type Book
Holdings
Withdrawn status Lost status Source of classification or shelving scheme Damaged status Not for loan Permanent Location Current Location Date acquired Total Checkouts Full call number Barcode Date last seen Price effective from Koha item type
          Military College of Engineering (MCE) Military College of Engineering (MCE) 03/04/2014   387.1 BOW MCE-30630 03/04/2014 03/04/2014 Book
© 2023 Central Library, National University of Sciences and Technology. All Rights Reserved.